Gazdasági átalakulás tapasztalatai az állami vállalatoknál.

Organizačná prestavba a transformácia systému hospodárenia v maďarských štátnych podnikoch. Vznik právnych noriem o obchodných spoločnostiach v r. 1988 v Maďarsku. Poznatky z transformácie priemyselných, obchodných podnikov a podnikov služieb.

Gespeichert in:
Bibliographische Detailangaben
1. Verfasser: Bencsik, A.
Weitere Verfasser: Csomortány, A.
Format: Buchkapitel
Sprache:Ungarisch
Schlagworte:
Tags: Tag hinzufügen
Keine Tags, Fügen Sie das erste Tag hinzu!

MARC

LEADER 00000naa a2200000 4500
001 r010611
005 20221125113507.5
041 0 |a hun 
044 |a HU 
245 1 0 |a Gazdasági átalakulás tapasztalatai az állami vállalatoknál.  |c A. Bencsik, A. Csomortány 
520 |a Organizačná prestavba a transformácia systému hospodárenia v maďarských štátnych podnikoch. Vznik právnych noriem o obchodných spoločnostiach v r. 1988 v Maďarsku. Poznatky z transformácie priemyselných, obchodných podnikov a podnikov služieb. 
610 2 0 |a podnik štátny 
610 2 0 |a MR 
610 2 0 |a transformácia 
610 2 0 |a hospodárenie podnikové 
610 2 0 |a normy právne 
610 2 0 |a spoločnosti obchodné 
610 2 0 |a 1988 
610 2 0 |a reorganizácia 
610 2 0 |a štruktúra podniku organizačná 
100 1 |a Bencsik, A. 
700 1 |a Csomortány, A.